BSOP header

Studies in the text and theology of the Book of Lamentations with a critical edition of the Peshitta text (Record no. 40408)

MARC details
000 -LEADER
fixed length control field 00941cam a2200253Ii 4500
001 - CONTROL NUMBER
control field 374301
005 - DATE AND TIME OF LATEST TRANSACTION
control field 20170213162637.0
008 - FIXED-LENGTH DATA ELEMENTS--GENERAL INFORMATION
fixed length control field 720804s1963 sw b 00000 engm
010 ## - LIBRARY OF CONGRESS CONTROL NUMBER
LC control number 67007064
040 ## - CATALOGING SOURCE
Original cataloging agency DLC
Description conventions rda
Transcribing agency ATO
Modifying agency SER
-- m/c
Language of cataloging eng
041 1# - LANGUAGE CODE
Language code of text/sound track or separate title engger
100 1# - MAIN ENTRY--PERSONAL NAME
Personal name Albrektson, B.
Fuller form of name (Bertil)
245 10 - TITLE STATEMENT
Title Studies in the text and theology of the Book of Lamentations with a critical edition of the Peshitta text
260 ## - PUBLICATION, DISTRIBUTION, ETC. (IMPRINT)
Place of publication, distribution, etc Lund :
Name of publisher, distributor, etc CWK Gleerup,
Date of publication, distribution, etc 1963.
300 ## - PHYSICAL DESCRIPTION
Extent viii, 258 pages ;
Dimensions 24 cm
440 ## - SERIES STATEMENT/ADDED ENTRY--TITLE
Title Studia theologica Lundensia,
Volume number/sequential designation 21
504 ## - BIBLIOGRAPHY, ETC. NOTE
Bibliography, etc Bibliography: pages 240-250
630 00 - SUBJECT ADDED ENTRY--UNIFORM TITLE
Uniform title Bible.
Name of part/section of a work O.T.
-- Lamentations
General subdivision Criticism, Textual
630 00 - SUBJECT ADDED ENTRY--UNIFORM TITLE
Uniform title Bible.
Name of part/section of a work O.T.
-- Lamentations
General subdivision Criticism, interpretation, etc
630 00 - SUBJECT ADDED ENTRY--UNIFORM TITLE
Uniform title Bible.
Name of part/section of a work O.T.
-- Lamentations
General subdivision Theology
730 02 - ADDED ENTRY--UNIFORM TITLE
Uniform title Bible.
Name of part/section of a work O.T.
-- Lamentations.
Language of a work Syriac.
Version Peshitta.
Date of a work 1963
740 41 - ADDED ENTRY--UNCONTROLLED RELATED/ANALYTICAL TITLE
Uncontrolled related/analytical title The text and theology of the Book of Lamentations
942 ## - ADDED ENTRY ELEMENTS (KOHA)
Source of classification or shelving scheme Library of Congress Classification
Item type Books
Holdings
Withdrawn status Lost status Source of classification or shelving scheme Damaged status Not for loan Home library Current library Shelving location Date acquired Source of acquisition Cost, normal purchase price Inventory number Total Checkouts Full call number Barcode Date last seen Price effective from Koha item type
    Library of Congress Classification     BSOP Library BSOP Library GC 02/13/2017 Amazon 959.50 38785   BS1535.2 Al1 1963 00048785 02/13/2017 02/13/2017 Books
BSOP

Biblical Seminary of the Philippines
  All rights Reserved
  © 2024

CONTACT INFORMATION

Biblical Seminary of the Philippines,
  77-B Karuhatan Road, Valenzuela City,
  PHILIPPINES 1441
  Phone: +632 8292-6795 / 8292-6798
  Fax : +632 8292-6675
  Email: library@bsop.edu.ph